000 00377nam a22001217a 4500
999 _c8431
_d8431
008 200125b ||||| |||| 00| 0 eng d
020 _a9788181478870
100 _aKOSHY, THOMAS
245 _aDiscrete Mathematics with Applications
250 _aFirst edition, Paperback: 1076 pages
_bProduct Dimensions: 20 x 14 x 4 cm
260 _aNew Delhi
_bElsevier India
942 0 0 _2ddc
_cBK